[Event "Duisburg Grossenbaum op"]
[Site "Duisburg"]
[Date "2004.05.30"]
[Round "4"]
[White "Sachs, Thomas"]
[Black "Klotter, Stefan"]
[Result "1-0"]
[WhiteElo "1928"]
[BlackElo "2116"]
[PlyCount "53"]
[EventDate "2004.05.28"]
[EventType "swiss"]
[EventRounds "7"]
[EventCountry "GER"]
[SourceTitle "EXT 2006"]
[Source "ChessBase"]
[SourceDate "2005.11.24"]
[SourceVersion "1"]
[SourceVersionDate "2005.11.24"]
[SourceQuality "1"]

1. Nc3 c5 2. e4 Nc6 3. Bc4 Nf6 4. Nf3 d6 5. 0-0 a6 6. a4 e6 7. Re1 Qc7 8. d4 cxd4 9. Nxd4 Bd7 10. Nb3 Ne5 11. Bf1 Bc6 12. a5 d5 13. exd5 Nxd5 14. Nxd5 Bxd5 15. Bf4 f6 16. c4 Bxc4 17. Rc1 Bxb3 18. Qxb3 Qd6 19. Bxe5 fxe5 20. Rcd1 Qc7 21. Qxe6+ Be7 22. Rxe5 Rd8 23. Rde1 Rd7 24. Bc4 Rf8 25. Bb3 Qc6 26. Qg4 Qf6 27. Rxe7+ 1-0

[Event "Duisburg Grossenbaum op"]
[Site "Duisburg"]
[Date "2004.05.28"]
[Round "1"]
[White "Klotter, Stefan"]
[Black "Steinke, Carsten"]
[Result "1-0"]
[WhiteElo "2116"]
[BlackElo "1635"]
[PlyCount "83"]
[EventDate "2004.05.28"]
[EventType "swiss"]
[EventRounds "7"]
[EventCountry "GER"]
[SourceTitle "EXT 2006"]
[Source "ChessBase"]
[SourceDate "2005.11.24"]
[SourceVersion "1"]
[SourceVersionDate "2005.11.24"]
[SourceQuality "1"]

1. d4 Nf6 2. Nf3 g6 3. Bf4 Bg7 4. e3 0-0 5. Be2 d6 6. c4 c5 7. Nc3 b6 8. h3 Bb7 9. d5 Nbd7 10. Bh2 a6 11. a4 Qc7 12. 0-0 Ne5 13. Nd2 g5 14. f4 gxf4 15. exf4 Ng6 16. Nf3 Nd7 17. Ra3 Rae8 18. Rb3 e6 19. Re1 exd5 20. Nxd5 Bxd5 21. Qxd5 Ne7 22. Qd3 h6 23. Rd1 Nc8 24. Kf1 Re7 25. Nh4 Re6 26. Bg4 Rf6 27. Nf5 Rg6 28. Bf3 Re8 29. Qc2 Ree6 30. Bd5 Ref6 31. Re3 Qd8 32. Rde1 Nf8 33. g4 Qd7 34. Nh4 h5 35. Nxg6 Nxg6 36. f5 Nge7 37. Be4 Bh6 38. Rd3 Nxf5 39. gxf5 Rxf5+ 40. Rf3 Rxf3+ 41. Bxf3 Ne7 42. Bxh5 1-0